[Event "Liberec op 20th"]
[Site "Liberec"]
[Date "2020.02.22"]
[Round "1"]
[White "Ulicny, Daniel"]
[Black "Kulczycka, Zofia"]
[Result "1/2-1/2"]
[WhiteElo "1762"]
[BlackElo "1300"]
[PlyCount "58"]
[EventDate "2020.02.22"]
[EventType "swiss"]
[EventRounds "9"]
[EventCountry "CZE"]
[SourceTitle "CBM 195 Extra"]
[Source "ChessBase"]
[SourceDate "2020.05.31"]
[SourceVersion "1"]
[SourceVersionDate "2020.05.31"]
[SourceQuality "1"]

1. d4 Nf6 2. Nf3 g6 3. c4 Bg7 4. Nc3 d6 5. e4 0-0 6. h3 e5 7. d5 a5 8. Be3 Na6 9. Bd3 Ne8 10. Qd2 f5 11. Bg5 Bf6 12. Bh6 Bg7 13. Bxg7 Kxg7 14. 0-0-0 Nc5 15. Bc2 Nf6 16. exf5 Bxf5 17. Bxf5 gxf5 18. Qg5+ Kh8 19. Nh4 Nfe4 20. Nxe4 Nxe4 21. Qxd8 Raxd8 22. Rhf1 Rb8 23. Nf3 b5 24. Nd2 Nxd2 25. Rxd2 b4 26. b3 Rg8 27. f3 Ra8 28. Re1 f4 29. Ree2 Rgb8 1/2-1/2

[Event "Liberec op 19th"]
[Site "Liberec"]
[Date "2019.03.01"]
[Round "8"]
[White "Muller, David"]
[Black "Ulicny, Daniel"]
[Result "1/2-1/2"]
[WhiteElo "1380"]
[BlackElo "1802"]
[PlyCount "41"]
[EventDate "2019.02.23"]
[EventType "swiss"]
[EventRounds "9"]
[EventCountry "CZE"]
[SourceTitle "CBM 189 Extra"]
[Source "ChessBase"]
[SourceDate "2019.06.03"]
[SourceVersion "1"]
[SourceVersionDate "2019.06.03"]
[SourceQuality "1"]

1. e4 e5 2. Nf3 Nf6 3. Nxe5 d6 4. Nf3 Nxe4 5. Qe2 Qe7 6. d3 Nf6 7. Bg5 Qxe2+ 8. Bxe2 Nc6 9. Bxf6 gxf6 10. Nc3 Be6 11. 0-0-0 0-0-0 12. g3 d5 13. d4 Bh6+ 14. Kb1 Rhe8 15. Nh4 Ne7 16. f4 Nf5 17. Nxf5 Bxf5 18. Bh5 Bg6 19. Bg4+ f5 20. Bf3 c6 21. Rhe1 1/2-1/2

[Event "Liberec op 18th"]
[Site "Liberec"]
[Date "2018.03.03"]
[Round "9"]
[White "Spicka, Jan"]
[Black "Ulicny, Daniel"]
[Result "1/2-1/2"]
[WhiteElo "1992"]
[BlackElo "1789"]
[PlyCount "62"]
[EventDate "2018.02.24"]
[EventType "swiss"]
[EventRounds "9"]
[EventCountry "CZE"]
[SourceTitle "CBM 183 Extra"]
[Source "ChessBase"]
[SourceDate "2018.04.19"]
[SourceVersion "1"]
[SourceVersionDate "2018.04.19"]
[SourceQuality "1"]

1. e4 e5 2. Bc4 Nf6 3. d4 Nc6 4. Nf3 Nxe4 5. dxe5 Nc5 6. 0-0 Be7 7. Nc3 0-0 8. Be3 Ne6 9. Qe2 Na5 10. Bd3 d5 11. Rad1 Kh8 12. Bf5 c6 13. Ne1 Nc4 14. Bc1 Nc5 15. Bxc8 Qxc8 16. b3 Nb6 17. f4 f5 18. Rf3 Qe6 19. Rh3 Qg6 20. Rg3 Qe6 21. Bb2 Ne4 22. Rf3 Rad8 23. Nxe4 dxe4 24. Rf1 Rxd1 25. Qxd1 Rd8 26. Qh5 g6 27. Qh6 Bc5+ 28. Kh1 Rd1 29. c4 e3 30. Qh4 Bb4 31. Rg1 Bc5 1/2-1/2

[Event "Liberec op 18th"]
[Site "Liberec"]
[Date "2018.02.26"]
[Round "3"]
[White "Strzelecki, Jerzy"]
[Black "Ulicny, Daniel"]
[Result "1-0"]
[WhiteElo "2019"]
[BlackElo "1789"]
[PlyCount "61"]
[EventDate "2018.02.24"]
[EventType "swiss"]
[EventRounds "9"]
[EventCountry "CZE"]
[SourceTitle "CBM 183 Extra"]
[Source "ChessBase"]
[SourceDate "2018.04.19"]
[SourceVersion "1"]
[SourceVersionDate "2018.04.19"]
[SourceQuality "1"]

1. c4 f5 2. Nf3 Nf6 3. g3 e6 4. Bg2 d5 5. 0-0 Be7 6. d4 0-0 7. Bf4 c6 8. Qc2 Ne4 9. Nc3 Nd7 10. Ne5 Nxe5 11. Bxe5 Bf6 12. Bxf6 Qxf6 13. e3 Bd7 14. f4 Nxc3 15. Qxc3 Be8 16. b4 Qe7 17. a4 a6 18. Rfb1 Bf7 19. Bf1 Rfc8 20. c5 Be8 21. Qb3 Qd8 22. Ra3 Ra7 23. Rba1 Rca8 24. Kf2 Qf6 25. b5 axb5 26. axb5 Rxa3 27. Rxa3 Rxa3 28. Qxa3 Qd8 29. Qa7 Qc8 30. b6 h6 31. Ba6 1-0

[Event "Liberec op 17th"]
[Site "Liberec"]
[Date "2017.02.27"]
[Round "3"]
[White "Ulicny, Daniel"]
[Black "Rogala, Milosz"]
[Result "0-1"]
[WhiteElo "1813"]
[BlackElo "1565"]
[PlyCount "77"]
[EventDate "2017.02.25"]
[EventType "swiss"]
[EventRounds "9"]
[EventCountry "CZE"]
[SourceTitle "CBM 177 Extra"]
[Source "ChessBase"]
[SourceDate "2017.04.27"]
[SourceVersion "1"]
[SourceVersionDate "2017.04.27"]
[SourceQuality "1"]

1. d4 d5 2. c4 c6 3. Nf3 Nf6 4. Nc3 e6 5. e3 Nbd7 6. Bd3 dxc4 7. Bxc4 b5 8. Bd3 Bb7 9. 0-0 a6 10. Re1 c5 11. Ne2 Be7 12. Ng3 0-0 13. e4 cxd4 14. e5 Nd5 15. Nxd4 Re8 16. Qh5 g6 17. Qg4 Bf8 18. h4 Bg7 19. f4 Nc5 20. Bb1 Ne7 21. Rd1 Qb6 22. Kh2 Rad8 23. b4 Na4 24. Nge2 Nd5 25. Bd2 Nb2 26. Rc1 Nc4 27. Be1 Nde3 28. Qh3 Bxg2 29. Qxe3 Nxe3 30. Bf2 Bd5 31. Bxe3 Qb7 32. Bd3 Qe7 33. Bf2 Rc8 34. a3 f6 35. Bg3 fxe5 36. fxe5 Rf8 37. Bf4 Rxc1 38. Rxc1 Bxe5 39. Bg3 0-1

[Event "Liberec op 15th"]
[Site "Liberec"]
[Date "2015.02.15"]
[Round "2"]
[White "Dadello, Aleksandra"]
[Black "Ulicny, Daniel"]
[Result "1-0"]
[WhiteElo "2036"]
[BlackElo "1842"]
[PlyCount "67"]
[EventDate "2015.02.14"]
[EventType "swiss"]
[EventRounds "9"]
[EventCountry "CZE"]
[SourceTitle "CBM 164 Extra"]
[Source "ChessBase"]
[SourceDate "2015.03.02"]
[SourceVersion "1"]
[SourceVersionDate "2015.03.02"]
[SourceQuality "1"]

1. e4 e5 2. Nf3 Nf6 3. Nxe5 d6 4. Nf3 Nxe4 5. c4 Be7 6. Nc3 Nxc3 7. dxc3 Nc6 8. Bd3 Bg4 9. Be4 0-0 10. 0-0 Re8 11. h3 Be6 12. Qd3 h6 13. Nd4 Nxd4 14. Qxd4 Bf6 15. Qd3 Rb8 16. Be3 b6 17. a4 Qd7 18. Rfd1 Rbd8 19. a5 Qe7 20. axb6 axb6 21. Ra7 Rb8 22. Bc6 Rec8 23. Re1 Bd7 24. Bd2 Qxe1+ 25. Bxe1 Bxc6 26. Bd2 Bb7 27. Qf5 Re8 28. Bxh6 Re1+ 29. Kh2 Be5+ 30. Bf4 Be4 31. Qg4 f5 32. Qg3 Ra8 33. Bxe5 dxe5 34. Rxc7 1-0

[Event "Karlovy Vary op"]
[Site "Karlovy Vary"]
[Date "2009.04.30"]
[Round "2"]
[White "Ulicny, Daniel"]
[Black "Pokora, Lubomir"]
[Result "0-1"]
[WhiteElo "1798"]
[BlackElo "1927"]
[PlyCount "130"]
[EventDate "2009.04.29"]
[EventType "swiss"]
[EventRounds "7"]
[EventCountry "CZE"]
[SourceTitle "CBM 130 Extra"]
[Source "ChessBase"]
[SourceDate "2009.07.02"]
[SourceVersion "2"]
[SourceVersionDate "2009.07.15"]
[SourceQuality "1"]

1. d4 d5 2. c4 Nc6 3. cxd5 Qxd5 4. Nf3 e5 5. dxe5 Qxd1+ 6. Kxd1 Bg4 7. Nbd2 0-0-0 8. Ng5 Nxe5 9. f4 h6 10. Nge4 Nc4 11. Ke1 Ne3 12. Kf2 Nxf1 13. Rxf1 Be6 14. Nf3 f5 15. Nc3 Nf6 16. h3 Bc5+ 17. Be3 Bb4 18. Nb5 Ne4+ 19. Kg1 a6 20. Nbd4 Rhe8 21. Nxe6 Rxe6 22. Nd4 Rf6 23. Rfd1 Re8 24. Nc2 Bd6 25. Rac1 g6 26. Rd3 Rfe6 27. b4 Nf6 28. Kf2 Re4 29. b5 axb5 30. g3 Rc4 31. Rdd1 Ne4+ 32. Kf3 c6 33. Nd4 Rxc1 34. Rxc1 Ba3 35. Rc2 Kd7 36. g4 fxg4+ 37. hxg4 Nf6 38. f5 g5 39. Ne6 Ke7 40. Bc5+ Bxc5 41. Nxc5 b6 42. Ne6 c5 43. e4 Ra8 44. Rc3 Rxa2 45. e5 Nd7 46. Re3 b4 47. Nc7 Ra3 48. f6+ Nxf6 49. exf6+ Kxf6 50. Nd5+ Kf7 51. Nxb6 Rxe3+ 52. Kxe3 Kg6 53. Nc4 h5 54. Ne5+ Kh6 55. gxh5 Kxh5 56. Nd3 b3 57. Kd2 c4 58. Ne5 b2 59. Kc2 c3 60. Nf3 g4 61. Ng1 g3 62. Ne2 Kg4 63. Nxc3 Kf3 64. Nb1 g2 65. Nd2+ Ke2 0-1

[Event "Hradec Kralove op"]
[Site "Hradec Kralove"]
[Date "1994.??.??"]
[Round "3"]
[White "Ulicny, Daniel"]
[Black "Dubansky, Bohuslav"]
[Result "1/2-1/2"]
[WhiteElo "1955"]
[BlackElo "1980"]
[PlyCount "37"]
[EventDate "1994.??.??"]
[EventType "swiss"]
[EventRounds "9"]
[EventCountry "CZE"]
[SourceTitle "EXT 1999"]
[Source "ChessBase"]
[SourceDate "1998.11.16"]
[SourceVersion "1"]
[SourceVersionDate "1998.11.16"]
[SourceQuality "1"]

1. d4 d5 2. c4 e6 3. Nc3 c5 4. cxd5 exd5 5. Nf3 Nc6 6. Bf4 Nf6 7. e3 Be7 8. Rc1 cxd4 9. Nxd4 0-0 10. a3 Nxd4 11. Qxd4 b6 12. b4 Bb7 13. Be2 Rc8 14. 0-0 Ne4 15. Nxe4 dxe4 16. Qxd8 Rfxd8 17. Bg4 Rxc1 18. Rxc1 a5 19. Bc7 1/2-1/2